<?xml version="1.0" encoding="UTF-8"?>
<record
    xmlns:xsi="http://www.w3.org/2001/XMLSchema-instance"
    xsi:schemaLocation="http://www.loc.gov/MARC21/slim http://www.loc.gov/standards/marcxml/schema/MARC21slim.xsd"
    xmlns="http://www.loc.gov/MARC21/slim">

  <leader>01021nam a22002297a 4500</leader>
  <controlfield tag="005">20140805105912.0</controlfield>
  <datafield tag="010" ind1=" " ind2=" ">
    <subfield code="a">ENG-109891-109892</subfield>
  </datafield>
  <datafield tag="020" ind1=" " ind2=" ">
    <subfield code="c">4395.00 (Set of 2 Vols)</subfield>
    <subfield code="a">9789351430803 (set)</subfield>
  </datafield>
  <datafield tag="020" ind1=" " ind2=" ">
    <subfield code="c">4395.00 (Set of 2 Vols)</subfield>
    <subfield code="a">9789351430810 (V.I)</subfield>
  </datafield>
  <datafield tag="020" ind1=" " ind2=" ">
    <subfield code="c">4395.00 (Set of 2 Vols)</subfield>
    <subfield code="a">9789351430827 (V.II)</subfield>
  </datafield>
  <datafield tag="035" ind1=" " ind2=" ">
    <subfield code="a">EN-93424-93425</subfield>
  </datafield>
  <datafield tag="037" ind1=" " ind2=" ">
    <subfield code="b">DBAD/PUB</subfield>
  </datafield>
  <datafield tag="082" ind1=" " ind2=" ">
    <subfield code="a">344.54012596</subfield>
  </datafield>
  <datafield tag="100" ind1=" " ind2=" ">
    <subfield code="a">Doabia, H.S.</subfield>
  </datafield>
  <datafield tag="245" ind1="0" ind2="0">
    <subfield code="a">The law of services and dismissals :</subfield>
    <subfield code="c">by H.S. Doabia</subfield>
    <subfield code="b">a commentary on the law relating to public and private servants,including industrial employees, covering dismissal, removal, suspension, reduction in rank, retirement, resignation, increments and salaries / </subfield>
  </datafield>
  <datafield tag="250" ind1=" " ind2=" ">
    <subfield code="a">5th ed</subfield>
  </datafield>
  <datafield tag="260" ind1=" " ind2=" ">
    <subfield code="a">Gurgaon</subfield>
    <subfield code="b">Lexis Nexis</subfield>
    <subfield code="c">2014</subfield>
  </datafield>
  <datafield tag="270" ind1=" " ind2=" ">
    <subfield code="a">14th Floor, Bldg. No.10, Tower-B, DLF Cyber City, Phase-II</subfield>
    <subfield code="b">Gurgaon</subfield>
    <subfield code="e">122002</subfield>
  </datafield>
  <datafield tag="300" ind1=" " ind2=" ">
    <subfield code="a">2 V. (cxci-1912,251p.; ccxxiv,1913-3591,251p.) </subfield>
    <subfield code="c">25cm(Hb)</subfield>
  </datafield>
  <datafield tag="500" ind1=" " ind2=" ">
    <subfield code="a">Includes index</subfield>
  </datafield>
  <datafield tag="942" ind1=" " ind2=" ">
    <subfield code="2">ddc</subfield>
    <subfield code="c">EN</subfield>
    <subfield code="m">DOA</subfield>
    <subfield code="h">344.54012596</subfield>
  </datafield>
  <datafield tag="999" ind1=" " ind2=" ">
    <subfield code="c">83868</subfield>
    <subfield code="d">83868</subfield>
  </datafield>
  <datafield tag="952" ind1=" " ind2=" ">
    <subfield code="0">0</subfield>
    <subfield code="1">0</subfield>
    <subfield code="3">v.1</subfield>
    <subfield code="4">0</subfield>
    <subfield code="7">1</subfield>
    <subfield code="8">NFIC</subfield>
    <subfield code="a">DBAD</subfield>
    <subfield code="b">DBAD</subfield>
    <subfield code="d">2014-04-29</subfield>
    <subfield code="e">DBAD / PUB</subfield>
    <subfield code="g">4395.00</subfield>
    <subfield code="l">0</subfield>
    <subfield code="o">344.54012596 DOA</subfield>
    <subfield code="p">EN-93424</subfield>
    <subfield code="r">2014-04-29 00:00:00</subfield>
    <subfield code="t">1</subfield>
    <subfield code="v">4395.00</subfield>
    <subfield code="y">EN</subfield>
  </datafield>
  <datafield tag="952" ind1=" " ind2=" ">
    <subfield code="0">0</subfield>
    <subfield code="1">0</subfield>
    <subfield code="3">v.2</subfield>
    <subfield code="4">0</subfield>
    <subfield code="7">1</subfield>
    <subfield code="8">NFIC</subfield>
    <subfield code="a">DBAD</subfield>
    <subfield code="b">DBAD</subfield>
    <subfield code="d">2014-04-29</subfield>
    <subfield code="e">DBAD / PUB</subfield>
    <subfield code="g">4395.00</subfield>
    <subfield code="l">0</subfield>
    <subfield code="o">344.54012596 DOA</subfield>
    <subfield code="p">EN-93425</subfield>
    <subfield code="r">2014-04-29 00:00:00</subfield>
    <subfield code="t">1</subfield>
    <subfield code="v">4395.00</subfield>
    <subfield code="y">EN</subfield>
  </datafield>
</record>
